000 00807nam a22002177a 4500
001 14090
003 BD-JhCC
005 20241030095018.0
008 241030b20092010b p|||| ||a| 001 0 b d
035 _a(BD-JhCC)14090
040 _aBD-JhCC
_dBD-JhCC
041 _aben
082 _a891.4409
_bKAB 2010
100 _a কবীর, তামান্না
245 _aকাজী নজরুল ইসলামের গদ্যরচনায় ভাবনা-বৈচিত্র /
260 _aঢাকা
_bবাংলা বিভাগ, ঢাকা বিশ্ববিদ্যালয়
_c2010
300 _a126 p. :
_bill.
_c28 cm
650 _aকাজী নজরুলের গদ্যরচনার উপর গবেষণা
942 _2ddc
_cBK
999 _c14090
_d14090